Normal view MARC view
  • Castorina, José Antonio,

Entry Nombre Personal

Number of records used in: 19

001 - NUMERO DE CONTROL

  • campo de control: 31803

003 - IDENTIFICADOR DE NUMERO DE CONTROL

  • campo de control: UPN

005 - FECHA Y HORA DE LA ÜLTIMA TRANSACCIÓN

  • campo de control: 20250814140425.0

008 - DATOS DE LONGITUD FIJA

  • campo de control de longitud fija: nabaccnnaabn|||||||||| b |nc|||||d

024 7# - OTROS IDENTIFICADORES NORMALIZADOS

  • Fuente: orcid
  • Número normalizado o código: https://orcid.org/0000-0003-1724-9315

035 ## - NUMERO DE CONTROL

  • Número de control: UPN11000003909

040 ## - FUENTE DE CATALOGACIÓN

  • Lenguaje de catalogación: SPA
  • Agencia de transcripción: UPN

100 1# - ENCABEZAMIENTO - NOMBRE PERSONAL

  • Nombre personal: Castorina, José Antonio,
  • Fechas asociadas con el nombre: 1940-

370 ## - LUGAR ASOCIADO

  • Associated country: Argentina

371 ## - DIRECCIÓN

  • Electronic mail address: ctono@fibertel.com.ar

373 ## - GRUPO ASOCIADO

  • Associated group: Universidad Pedagógica Nacional (Buenos Aires, Arg.)
  • Associated group: Grupo de investigación UBACYT

374 ## - OCUPACIÓN

  • Occupation: Profesor-investigador universitario

670 ## - FUENTE EN LA QUE SE LOCALIZARON DATOS

  • Cita de la fuente: T
  • Uniform Resource Identifier: http://www.fundacionkonex.com.ar/b1188-jose_antonio_castorina

670 ## - FUENTE EN LA QUE SE LOCALIZARON DATOS

  • Cita de la fuente: En recurso en línea: Pedagogía y saberes, no. 63 (2025).
  • Uniform Resource Identifier: https://revistas.upn.edu.co/index.php/PYS/article/view/21529/14990
  • Información localizada: (José Antonio Castorina)

680 ## - NOTA PUBLICA DE ACCESO PÚBLICO

  • Frase explicativa de la referencia: Profesor emérito. Educador y filósofo argentino.

902 ## - CATALOGADOR

  • Catalogador: CAA/310112

902 ## - CATALOGADOR

  • Catalogador: Leonor Sotres/140825